00465nam a2200193 a 4500001001300000003000900013005001700022008004100039020001000080082001700090100001600107245001600123260004500139300000800184500003500192505001000227650001800237700001600255nice12345678IN_TiNIC20260116012526.0050524s1983 iraa grp 000 0 eng  ac10000a955.054bFAR aFaridani, H aImposed War aIranbMinistry of Islamic Guidancec1983 a70p aincludes index and biblioraphy2 aIndex aIran-Iraq War1 aFaridani, H